000 00617nam a2200217Ii 4500
003 JO-AjNU
008 230606s9999||||xx |||||||||||||| ||und||
020 _a0-13-034834-2
040 _aJO-AjNU
_beng
_erda
_cJO-AjNU
041 _aeng
050 1 4 _aTS155.R753 2002
100 3 _aRussell, Ropberta/Bernard w taylor,
_eauthor
_93048
245 0 0 _aoperations management
250 _a4 ed
264 3 1 _aNew Delhi:Tata Mcgraw hill .2002
300 _a824p
336 _atext
_btxt
_2rdacontent
337 _aunmediated
_bn
_2rdamedia
338 _avolume
_bnc
_2rdacarrier
650 4 _aoperations management
_93049
999 _aE1599
_c1599
_d1599